|
|
|
|
| LEADER |
00000cam a2200000 7i4500 |
| 001 |
0000009609 |
| 002 |
000010471 |
| 005 |
20000330.0 |
| 020 |
|
|
|a 0582733251
|
| 090 |
0 |
0 |
|a 657
|b WOO
|
| 100 |
1 |
|
|a Wood, Frank
|
| 245 |
1 |
0 |
|a Perakaunan perniagaan bahagian 1
|c Frank Wood
|
| 255 |
|
|
|a Edisi ke dua
|
| 260 |
|
|
|a Petaling Jaya :
|b Longman Malaysia Sdn.Bhd. ,
|c 1986
|
| 300 |
|
|
|a 474 p. ;
|c 22 cm.
|
| 650 |
0 |
0 |
|a Accounting
|
| 999 |
|
|
|a 0004876
|b BUKU
|c PINJAMAN
|e PERPUSTAKAAN KOMUNITI PETALING JAYA
|
| 999 |
|
|
|a 0004877
|b BUKU
|c PINJAMAN
|e PERPUSTAKAAN KOMUNITI PETALING JAYA
|
| 999 |
|
|
|a 019442
|b BUKU
|c PINJAMAN
|e PERPUSTAKAAN KOMUNITI PETALING JAYA
|
| 999 |
|
|
|a 019444
|b BUKU
|c PINJAMAN
|e PERPUSTAKAAN KOMUNITI PETALING JAYA
|